Tras las vetas de la investigación cualitativa : perspectivas y acercamientos desde la práctica /

Enregistré dans:
Détails bibliographiques
Auteur principal: Mejía Arauz, Rebeca (coordinación)
Autres auteurs: Sandoval Cortés, Sergio Antonio (coordinación) (coordinación)
Format: Livre
Langue:espagnol
Publié: Guadalajara, México : ITESO, 2009, c2009
Tags: Ajouter un tag
Pas de tags, Soyez le premier à ajouter un tag!

MARC

LEADER 00000nam^a2200000^a^4500
001 000622881
005 20260220000000.0
009 20260310133927.153
020 |a 978-968-6101-86-7 
037 |a Acervo Xavier Clavigero 
041 |a ESP 
091 |a FHG. 00124 
100 |a Mejía Arauz, Rebeca  |e (coordinación) 
245 1 0 |a Tras las vetas de la investigación cualitativa :  |b perspectivas y acercamientos desde la práctica / 
264 4 |a Guadalajara, México :  |b ITESO,  |c 2009, c2009 
300 |a 265 p. 
336 |a texto  |b txt  |2 rdacontenido 
337 |a sin mediación  |b n  |2 rdamedio 
338 |a volumen  |b nc  |2 rdasoporte 
649 |a XX 
700 |a Sandoval Cortés, Sergio Antonio  |e (coordinación) 
910 |a Fondo Humberto García Bedoy S.J. 
920 |a Impresos - Libros 
930 |a Fondos Especiales 
905 |a 148 
901 |a 622943-10  |b IT2  |c ESP  |i D  |u 20251020 
902 |a https://opac.biblio.iteso.mx/vufind/Record/000622881